Welcome to CU Library Online Public Access Catalogue (OPAC)

When God whispers / (Record no. 1157)

MARC details
000 -LEADER
fixed length control field 00510cam a2200181 a 4500
001 - CONTROL NUMBER
control field 3842107
005 - DATE AND TIME OF LATEST TRANSACTION
control field 20241113212850.0
008 - FIXED-LENGTH DATA ELEMENTS--GENERAL INFORMATION
fixed length control field 871124s1988 tnu 000 0 eng
020 ## - INTERNATIONAL STANDARD BOOK NUMBER
International Standard Book Number 0805457348 :
Terms of availability $7.95
050 00 - LIBRARY OF CONGRESS CALL NUMBER
Classification number BV4501.2
Item number .H369564 1988
082 00 - DEWEY DECIMAL CLASSIFICATION NUMBER
Classification number 242
Edition information 19
100 1# - MAIN ENTRY--PERSONAL NAME
Personal name Helwig, Terry,
Dates associated with a name 1949-
245 10 - TITLE STATEMENT
Title When God whispers /
Statement of responsibility, etc. Terry Helwig.
260 ## - PUBLICATION, DISTRIBUTION, ETC.
Place of publication, distribution, etc. Nashville, Tenn. :
Name of publisher, distributor, etc. Broadman Press,
Date of publication, distribution, etc. c1988.
300 ## - PHYSICAL DESCRIPTION
Extent 130 p. ;
Dimensions 21 cm.
650 #0 - SUBJECT ADDED ENTRY--TOPICAL TERM
Topical term or geographic name entry element Spiritual life
General subdivision Christianity.
942 ## - ADDED ENTRY ELEMENTS (KOHA)
Source of classification or shelving scheme Library of Congress Classification
Koha item type Books
Suppress in OPAC No
999 ## -
-- 1157
-- 1157
Holdings
Withdrawn status Lost status Source of classification or shelving scheme Damaged status Not for loan Collection Home library Current library Shelving location Date acquired Total checkouts Full call number Barcode Date last seen Copy number Price effective from Koha item type
    Library of Congress Classification     Non-fiction Law Library (Miotso) Law Library (Miotso) General stacks 11/13/2024   BV4501.2 HEL LLM00000965 11/13/2024 1 11/13/2024 Books
© 2023-2024 Copyright: Central University Libraries. All Rights Reserved | Created by: Mahone Tech Office